|
|
|
|
| LEADER |
00000nam a2200000 a 4500 |
| 001 |
vtls001218528 |
| 003 |
SK-MaSNL |
| 005 |
20260301002933.0 |
| 008 |
251113s1994 DE 0 ger |
| 020 |
|
|
|a 3929031566
|c [1.575,00]
|
| 035 |
|
|
|a SNK000162162
|
| 040 |
|
|
|a SNK
|b slo
|c SNK
|e AACR2
|
| 044 |
|
|
|a DE
|
| 080 |
|
|
|a 930.253(430-21)
|2 1981
|
| 245 |
1 |
4 |
|a Die Bestände des Sächsischen Hauptstaatsarchivs und seiner Aussenstellen Bautzen, Chemnitz und Freiberg
|n Band 2., Teil 2
|p Die Bestände des Sächsischen Hauptstaatsarchivs
|c bearbeitet von Bärbel Förster, Reiner Gross und Michael Merchel ... [et a
|
| 260 |
|
|
|a Leipzig
|b Leipziger Universitätsverlag
|c 1994
|
| 300 |
|
|
|a S. xii, 455-814
|c 22 cm
|
| 490 |
1 |
|
|a Quellen und Forschungen zur Sächsischen Geschichte
|v Bd. 12, 2
|
| 610 |
0 |
7 |
|a Saský hlavný archív
|a Lipsko, Nemecko
|x fondy
|x prehľady
|2 SNK
|9 283527
|
| 611 |
1 |
7 |
|a Saský hlavný archív
|a Lipsko, Nemecko
|x fondy
|x prehľady
|2 SNK
|9 56267
|
| 700 |
1 |
|
|a Förster, Bärbel
|4 aut
|9 283528
|
| 830 |
|
0 |
|a Quellen und Forschungen zur Sächsischen Geschichte
|9 283529
|
| 919 |
|
|
|a 3-929031-56-6
|
| 999 |
|
|
|c 538439
|d 540369
|
| 952 |
|
|
|t P60, <04>, [BOOK], {604}
|a SNK
|b SNK
|y VYP
|7 0
|p 17A0007045
|o snkIC 125884/1/2
|i snkV 1051/96
|0 0
|1 0
|4 0
|d 1996-07-24
|l 0
|r 2005-01-01 00:00:00
|w 2026-02-23
|